000 00480nam a2200181Ia 4500
005 20250326124159.0
008 250326s9999 xx 000 0 und d
037 _aTextbook
040 _aFMSL
_beng
_cFMSL
041 _aeng
_2eng
084 _aX:5.1 L0
_qFMSL
100 _aSodersten B
_9736877
245 0 _aInternational economics
_cSodersten B
260 _aNY
_bNY, Harper & Row
_c1970
300 _a554p
942 _cTB
_hX:5.1 L0
999 _c1272618
_d1272618